<?xml version="1.0" encoding="UTF-8"?>
<record
    xmlns:xsi="http://www.w3.org/2001/XMLSchema-instance"
    xsi:schemaLocation="http://www.loc.gov/MARC21/slim http://www.loc.gov/standards/marcxml/schema/MARC21slim.xsd"
    xmlns="http://www.loc.gov/MARC21/slim">

  <leader>00352nam a2200133Ia 4500</leader>
  <controlfield tag="008">191201s2003    xx            000 0 und d</controlfield>
  <datafield tag="082" ind1=" " ind2=" ">
    <subfield code="a">677.022</subfield>
    <subfield code="b">PRS</subfield>
  </datafield>
  <datafield tag="100" ind1=" " ind2=" ">
    <subfield code="a">PRAKASH, K</subfield>
  </datafield>
  <datafield tag="245" ind1=" " ind2="0">
    <subfield code="a">Stained Glass and Textile Designs from India</subfield>
  </datafield>
  <datafield tag="260" ind1=" " ind2=" ">
    <subfield code="a">N.Delhi</subfield>
    <subfield code="b">English Felition Publishers</subfield>
    <subfield code="c">2003</subfield>
  </datafield>
  <datafield tag="300" ind1=" " ind2=" ">
    <subfield code="a">52</subfield>
  </datafield>
  <datafield tag="650" ind1=" " ind2=" ">
    <subfield code="a">B.Tech(TE)</subfield>
  </datafield>
  <datafield tag="942" ind1=" " ind2=" ">
    <subfield code="2">ddc</subfield>
    <subfield code="c">BK</subfield>
  </datafield>
  <datafield tag="999" ind1=" " ind2=" ">
    <subfield code="c">2301</subfield>
    <subfield code="d">2301</subfield>
  </datafield>
  <datafield tag="952" ind1=" " ind2=" ">
    <subfield code="0">0</subfield>
    <subfield code="1">0</subfield>
    <subfield code="2">ddc</subfield>
    <subfield code="4">0</subfield>
    <subfield code="7">0</subfield>
    <subfield code="8">BTECHTE</subfield>
    <subfield code="a">PIET</subfield>
    <subfield code="b">PIET</subfield>
    <subfield code="d">2006-08-28</subfield>
    <subfield code="e">Abhishek Publications</subfield>
    <subfield code="g">595.00</subfield>
    <subfield code="k">8030</subfield>
    <subfield code="l">0</subfield>
    <subfield code="o">677.022 PRS</subfield>
    <subfield code="p">4846</subfield>
    <subfield code="r">2019-12-04 00:00:00</subfield>
    <subfield code="w">2006-02-27</subfield>
    <subfield code="y">BK</subfield>
  </datafield>
  <datafield tag="952" ind1=" " ind2=" ">
    <subfield code="0">0</subfield>
    <subfield code="1">0</subfield>
    <subfield code="2">ddc</subfield>
    <subfield code="4">0</subfield>
    <subfield code="7">0</subfield>
    <subfield code="8">BTECHTE</subfield>
    <subfield code="a">PIET</subfield>
    <subfield code="b">PIET</subfield>
    <subfield code="d">2006-08-28</subfield>
    <subfield code="e">Abhishek Publications</subfield>
    <subfield code="g">595.00</subfield>
    <subfield code="k">8030</subfield>
    <subfield code="l">0</subfield>
    <subfield code="o">677.022 PRS</subfield>
    <subfield code="p">4847</subfield>
    <subfield code="r">2019-12-04 00:00:00</subfield>
    <subfield code="w">2006-02-27</subfield>
    <subfield code="y">BK</subfield>
  </datafield>
  <datafield tag="952" ind1=" " ind2=" ">
    <subfield code="0">0</subfield>
    <subfield code="1">0</subfield>
    <subfield code="2">ddc</subfield>
    <subfield code="4">0</subfield>
    <subfield code="7">0</subfield>
    <subfield code="8">BTECHTE</subfield>
    <subfield code="a">PIET</subfield>
    <subfield code="b">PIET</subfield>
    <subfield code="d">2006-08-28</subfield>
    <subfield code="e">Abhishek Publications</subfield>
    <subfield code="g">595.00</subfield>
    <subfield code="k">8030</subfield>
    <subfield code="l">0</subfield>
    <subfield code="o">677.022 PRS</subfield>
    <subfield code="p">4848</subfield>
    <subfield code="r">2019-12-04 00:00:00</subfield>
    <subfield code="w">2006-02-27</subfield>
    <subfield code="y">BK</subfield>
  </datafield>
  <datafield tag="952" ind1=" " ind2=" ">
    <subfield code="0">0</subfield>
    <subfield code="1">0</subfield>
    <subfield code="2">ddc</subfield>
    <subfield code="4">0</subfield>
    <subfield code="7">0</subfield>
    <subfield code="8">BTECHTE</subfield>
    <subfield code="a">PIET</subfield>
    <subfield code="b">PIET</subfield>
    <subfield code="d">2006-08-28</subfield>
    <subfield code="e">Abhishek Publications</subfield>
    <subfield code="g">595.00</subfield>
    <subfield code="k">8030</subfield>
    <subfield code="l">0</subfield>
    <subfield code="o">677.022 PRS</subfield>
    <subfield code="p">4849</subfield>
    <subfield code="r">2019-12-04 00:00:00</subfield>
    <subfield code="w">2006-02-27</subfield>
    <subfield code="y">BK</subfield>
  </datafield>
  <datafield tag="952" ind1=" " ind2=" ">
    <subfield code="0">0</subfield>
    <subfield code="1">0</subfield>
    <subfield code="2">ddc</subfield>
    <subfield code="4">0</subfield>
    <subfield code="7">0</subfield>
    <subfield code="8">BTECHTE</subfield>
    <subfield code="a">PIET</subfield>
    <subfield code="b">PIET</subfield>
    <subfield code="d">2006-08-28</subfield>
    <subfield code="e">Abhishek Publications</subfield>
    <subfield code="g">595.00</subfield>
    <subfield code="k">8030</subfield>
    <subfield code="l">0</subfield>
    <subfield code="o">677.022 PRS</subfield>
    <subfield code="p">4850</subfield>
    <subfield code="r">2019-12-04 00:00:00</subfield>
    <subfield code="w">2006-02-27</subfield>
    <subfield code="y">BK</subfield>
  </datafield>
</record>
